Statistics for 2005年以降で先発投手タイトルを1度しか取っていない投手

Click here to take the quiz!

General Stats

  • This quiz has been taken 64 times
  • The average score is 8 of 22

Answer Stats

HintAnswer% Correct
2023セ最優秀防御率10勝6敗 1.75 137三振村上頌樹
84%
最多奪三振7勝4敗 2.80 174三振今永昇太
71%
2022セ最多奪三振12勝8敗 2.62 154三振戸郷翔征
65%
2021セ最多勝13勝9敗 3.81 102三振九里亜蓮
53%
2018パ最多勝16勝5敗 3.81 102三振多和田真三郎
51%
2017パ最多勝16勝5敗 2.64 139三振東浜巨
47%
2017セ最高勝率15勝3敗 2.58 115三振薮田和樹
45%
最多奪三振14勝7敗 2.40 221三振藤波晋太郎
43%
2019パ最多勝15勝8敗 2.46 161三振有原航平
39%
2005セ最多勝15勝3敗 2.99 90三振下柳剛
37%
最高勝率13勝4敗 3.71 154三振山岡泰輔
35%
2008セ最優秀防御率12勝10敗 2.68 112三振石川雅規
31%
2016パ最優秀防御率14勝5敗 2.16 104三振石川歩
29%
2012パ最優秀防御率14勝5敗 1.71 158三振吉川光夫
27%
2011パ最多勝19勝6敗 2.19 121三振ホールトン
27%
2012セ最多奪三振10勝10敗 2.42 172三振能見篤史
24%
2009セ最優秀防御率8勝4敗 1.54 146三振チェン
24%
最優秀投手15勝2敗 2.11 113三振D.ゴンザレス
24%
2015セ最優秀防御率14勝7敗 1.85 150三振ジョンソン
22%
最多勝16勝6敗 3.39 126三振館山昌平
22%
最多奪三振11勝8敗 3.37 177三振門倉健
20%
最高勝率13勝2敗 3.06 84三振ボルシンガー
18%

Score Distribution

Percentile by Number Answered

Percent of People with Each Score

Your Score History

You have not taken this quiz